[Event "GER-chT DLM U20"]
[Site "Wismar"]
[Date "2009.10.01"]
[Round "4"]
[White "Guennigmann, Manuel"]
[Black "Hastrich, Julian"]
[Result "0-1"]
[WhiteElo "2158"]
[BlackElo "2147"]
[PlyCount "84"]
[EventDate "2009.09.30"]
[EventType "team-swiss"]
[EventRounds "7"]
[EventCountry "GER"]
[SourceTitle "CBM 132 Extra"]
[Source "ChessBase"]
[SourceDate "2009.11.03"]
[SourceVersion "1"]
[SourceVersionDate "2009.11.03"]
[SourceQuality "1"]
[WhiteTeam "Niedersachsen U20"]
[BlackTeam "Rheinland Pfalz U20"]
[WhiteTeamCountry "GER"]
[BlackTeamCountry "GER"]

1. e4 e5 2. Nf3 Nf6 3. Nxe5 d6 4. Nf3 Nxe4 5. d4 d5 6. Bd3 Bd6 7. 0-0 0-0 8. c4 c6 9. Qc2 Nf6 10. Bg5 h6 11. Bh4 dxc4 12. Bxc4 Nbd7 13. Nc3 Qa5 14. a3 Nb6 15. Bd3 Nbd5 16. Nxd5 Nxd5 17. Ne5 Bxe5 18. dxe5 Nf4 19. Be7 Re8 20. Bb4 Qd5 21. Be4 Bf5 22. Rae1 Bxe4 23. Qxe4 Nd3 24. Qxd5 cxd5 25. Re3 Nxb2 26. f4 Nc4 27. Rd3 f6 28. exf6 gxf6 29. Bc5 b6 30. Bd4 Kf7 31. Rh3 Rh8 32. a4 Nd2 33. Rc1 Rac8 34. Rxc8 Rxc8 35. Rxh6 Ne4 36. h3 Rc4 37. Bb2 Rb4 38. Bc1 Rb1 39. Rh7+ Ke8 40. Rxa7 Rxc1+ 41. Kh2 d4 42. Ra8+ Kd7 0-1

[Event "GER-chT DLM U20"]
[Site "Wismar"]
[Date "2009.10.01"]
[Round "3"]
[White "Hastrich, Julian"]
[Black "Siebarth, Raiko"]
[Result "1/2-1/2"]
[WhiteElo "2147"]
[BlackElo "2218"]
[PlyCount "32"]
[EventDate "2009.09.30"]
[EventType "team-swiss"]
[EventRounds "7"]
[EventCountry "GER"]
[SourceTitle "CBM 132 Extra"]
[Source "ChessBase"]
[SourceDate "2009.11.03"]
[SourceVersion "1"]
[SourceVersionDate "2009.11.03"]
[SourceQuality "1"]
[WhiteTeam "Rheinland Pfalz U20"]
[BlackTeam "Thueringen U20"]
[WhiteTeamCountry "GER"]
[BlackTeamCountry "GER"]

1. e4 c5 2. Nc3 Nc6 3. g3 g6 4. Bg2 Bg7 5. d3 d6 6. f4 e6 7. Nf3 Nge7 8. 0-0 0-0 9. Be3 Rb8 10. Qd2 b5 11. d4 b4 12. Ne2 Na5 13. b3 c4 14. Rad1 f5 15. e5 Nd5 16. Ng5 Nxe3 1/2-1/2

[Event "GER-ch Net qual4 U25"]
[Site "Playchess.com INT"]
[Date "2009.06.17"]
[Round "1"]
[White "Hastrich, Julian"]
[Black "Jahncke, Giso"]
[Result "0-1"]
[WhiteElo "2068"]
[BlackElo "2106"]
[PlyCount "86"]
[EventDate "2009.06.17"]
[EventType "swiss (blitz)"]
[EventRounds "7"]
[EventCountry "GER"]
[SourceTitle "CBM 130 Extra"]
[Source "ChessBase"]
[SourceDate "2009.07.02"]
[SourceVersion "2"]
[SourceVersionDate "2009.07.15"]
[SourceQuality "1"]

1. e4 c5 2. Nc3 Nc6 3. g3 g6 4. Bg2 Bg7 5. d3 d6 6. f4 e6 7. Nf3 Nge7 8. 0-0 0-0 9. Be3 b6 10. d4 Ba6 11. Re1 Rc8 12. Qd2 Qc7 13. dxc5 dxc5 14. e5 Rfd8 15. Qf2 Nf5 16. Ne4 h5 17. h3 Nxe3 18. Rxe3 Nd4 19. c3 Nf5 20. Ree1 Bb7 21. Nf6+ Bxf6 22. exf6 Bxf3 23. Bxf3 Rd3 24. Re5 Rcd8 25. g4 Rd2 26. Qe1 R2d3 27. Be4 hxg4 28. Bxd3 Rxd3 29. hxg4 Rg3+ 30. Kh2 Rxg4 31. Qd2 Qc6 32. Rxf5 gxf5 33. Rg1 Qf3 34. Rxg4+ fxg4 35. Qd8+ Kh7 36. Qf8 g3+ 37. Kh3 g2+ 38. Kh4 Qxf4+ 39. Kh5 Qh2+ 40. Kg4 g1Q+ 41. Kf3 Qhf2+ 42. Ke4 Qgg2+ 43. Kd3 Qd5# 0-1

[Event "GER-ch Net qual4 U25"]
[Site "Playchess.com INT"]
[Date "2009.06.17"]
[Round "5"]
[White "Natsidis, Christoph"]
[Black "Hastrich, Julian"]
[Result "1-0"]
[WhiteElo "2308"]
[BlackElo "2068"]
[PlyCount "47"]
[EventDate "2009.06.17"]
[EventType "swiss (blitz)"]
[EventRounds "7"]
[EventCountry "GER"]
[SourceTitle "CBM 130 Extra"]
[Source "ChessBase"]
[SourceDate "2009.07.02"]
[SourceVersion "2"]
[SourceVersionDate "2009.07.15"]
[SourceQuality "1"]

1. d4 d5 2. c4 e5 3. e3 exd4 4. exd4 Nf6 5. Nf3 Bb4+ 6. Nc3 0-0 7. Be2 dxc4 8. Bxc4 Re8+ 9. Be3 Ng4 10. 0-0 Rxe3 11. fxe3 Nxe3 12. Bxf7+ Kxf7 13. Ne5+ Ke8 14. Qh5+ g6 15. Qxh7 Be6 16. Qh8+ Ke7 17. Qf6+ Ke8 18. Qxg6+ Ke7 19. Qg5+ Ke8 20. Qxe3 Bxc3 21. bxc3 Qe7 22. Rae1 Bxa2 23. Qf3 Be6 24. Qxb7 1-0

[Event "GER-ch Net qual2 U25"]
[Site "Playchess.com INT"]
[Date "2009.05.13"]
[Round "7"]
[White "Coenen, Michael"]
[Black "Hastrich, Julian"]
[Result "1-0"]
[WhiteElo "2260"]
[BlackElo "2068"]
[PlyCount "39"]
[EventDate "2009.05.13"]
[EventType "swiss (blitz)"]
[EventRounds "7"]
[EventCountry "GER"]
[SourceTitle "CBM 130 Extra"]
[Source "ChessBase"]
[SourceDate "2009.07.02"]
[SourceVersion "2"]
[SourceVersionDate "2009.07.15"]
[SourceQuality "1"]

1. e4 e5 2. Nf3 Nf6 3. Nxe5 d6 4. Nf3 Nxe4 5. Nc3 Nxc3 6. dxc3 Be7 7. Bf4 Nc6 8. Qd2 Be6 9. 0-0-0 a6 10. Kb1 Qd7 11. Nd4 Nxd4 12. cxd4 d5 13. f3 0-0-0 14. g4 f6 15. Bd3 h5 16. h3 hxg4 17. hxg4 Bd6 18. Rde1 Bf7 19. Rxh8 Rxh8 20. Bf5 1-0

[Event "SVR-ch MTA 31th"]
[Site "Idar Oberstein"]
[Date "2008.03.15"]
[Round "3"]
[White "Knebl, Simon"]
[Black "Hastrich, Julian"]
[Result "0-1"]
[WhiteElo "1971"]
[BlackElo "2065"]
[PlyCount "108"]
[EventDate "2008.03.14"]
[EventType "tourn"]
[EventRounds "9"]
[EventCountry "GER"]
[SourceTitle "EXT 2009"]
[Source "ChessBase"]
[SourceDate "2008.11.26"]
[SourceVersion "1"]
[SourceVersionDate "2008.11.26"]
[SourceQuality "1"]

1. e4 e5 2. Nf3 Nf6 3. Nxe5 d6 4. Nf3 Nxe4 5. d4 d5 6. Bd3 Bd6 7. 0-0 0-0 8. c4 c6 9. Qc2 Re8 10. Nc3 Nxc3 11. bxc3 h6 12. h3 Qf6 13. Qd1 Bf5 14. Be3 Nd7 15. Rb1 dxc4 16. Bxc4 Bxb1 17. Qxb1 Nb6 18. Bb3 Re7 19. c4 Bf4 20. Qd3 Rae8 21. Bc2 g6 22. Ne5 Bxe5 23. dxe5 Qxe5 24. Bxh6 Qe2 25. Qc3 Qe5 26. Qd3 Rd7 27. Qb3 Nc8 28. Bc1 Qa5 29. Bb2 Re1 30. Qg3 Rxf1+ 31. Kxf1 Qh5 32. Kg1 Nd6 33. Qc3 Ne8 34. Qe3 Rd8 35. Qe7 Qa5 36. Qh4 Kf8 37. Qh6+ Ke7 38. Qe3+ Kd7 39. Ba3 Kc8 40. Qe7 Qc7 41. Qg5 Ng7 42. Bb2 Ne6 43. Qe3 Qb6 44. Qe5 Nd4 45. Bb3 Nxb3 46. axb3 Rd1+ 47. Kh2 Qc7 48. Qxc7+ Kxc7 49. h4 f5 50. Kg3 Kd7 51. Kf4 Ke6 52. Kg5 Kf7 53. h5 gxh5 54. Kxf5 Rd2 0-1

[Event "GER-ch U18"]
[Site "Willingen"]
[Date "2007.05.30"]
[Round "7"]
[White "Hastrich, Julian"]
[Black "Bracker, Arne"]
[Result "0-1"]
[WhiteElo "2108"]
[BlackElo "2080"]
[PlyCount "94"]
[EventDate "2007.05.26"]
[EventType "swiss"]
[EventRounds "9"]
[EventCountry "GER"]
[SourceTitle "CBM 118 Extra"]
[Source "ChessBase"]
[SourceDate "2007.07.04"]
[SourceVersion "1"]
[SourceVersionDate "2007.07.04"]
[SourceQuality "1"]

1. e4 e5 2. Nf3 Nc6 3. Bb5 a6 4. Ba4 Nf6 5. 0-0 b5 6. Bb3 Bc5 7. Re1 d6 8. c3 Bb6 9. h3 0-0 10. d3 Bb7 11. Nbd2 Ne7 12. Nf1 Ng6 13. Ng3 c5 14. Be3 d5 15. Bg5 c4 16. Bc2 cxd3 17. Bxd3 h6 18. Bxf6 Qxf6 19. exd5 Bxd5 20. Be4 Bxe4 21. Nxe4 Qc6 22. Qb3 Rad8 23. a4 Kh7 24. axb5 axb5 25. Ng3 Nf4 26. Qc2+ g6 27. Qe4 Qxe4 28. Rxe4 Nd3 29. Re2 Rfe8 30. Rd1 f5 31. Ne1 Bxf2+ 32. Rxf2 Nxf2 33. Rxd8 Nxh3+ 34. gxh3 Rxd8 35. Nf1 Rd1 36. Kf2 Rb1 37. Nd3 e4 38. Nd2 Rd1 39. Ke2 Rxd2+ 40. Kxd2 exd3 41. Kxd3 Kg7 42. b3 Kf6 43. Kd4 Ke6 44. c4 bxc4 45. bxc4 Kd6 46. h4 g5 47. h5 f4 0-1

[Event "GER-ch internet U18 qual 01"]
[Site "Playchess.com INT"]
[Date "2007.05.20"]
[Round "2"]
[White "Hastrich, Julian"]
[Black "Kusnetsov, Mark"]
[Result "1-0"]
[WhiteElo "2108"]
[BlackElo "2002"]
[PlyCount "107"]
[EventDate "2007.05.20"]
[EventType "swiss (blitz)"]
[EventRounds "7"]
[EventCountry "GER"]
[SourceTitle "EXT 2009"]
[Source "ChessBase"]
[SourceDate "2008.11.26"]
[SourceVersion "1"]
[SourceVersionDate "2008.11.26"]
[SourceQuality "1"]

1. e4 e5 2. Nf3 Nf6 3. Nxe5 d6 4. Nf3 Nxe4 5. d4 d5 6. Bd3 Bd6 7. 0-0 0-0 8. Re1 Nf6 9. Bg5 Bg4 10. h3 Bh5 11. Nc3 c6 12. Nb1 Nbd7 13. Nbd2 Re8 14. c3 Qc7 15. Qc2 h6 16. Bh4 g5 17. Bxg5 hxg5 18. Nxg5 Bf4 19. Ndf3 Kg7 20. g4 Bg6 21. Bxg6 fxg6 22. Ne6+ Rxe6 23. Rxe6 Rh8 24. Kg2 Ne4 25. Re1 Ndf6 26. g5 Qd7 27. gxf6+ Kf8 28. R1xe4 dxe4 29. Qxe4 Bd6 30. Ng5 Rh5 31. h4 Rxg5+ 32. hxg5 Kf7 33. Re7+ Bxe7 34. Qxe7+ Qxe7 35. fxe7 Kxe7 36. Kf3 Ke6 37. Ke4 b5 38. f4 a6 39. b4 Kd6 40. f5 gxf5+ 41. Kxf5 Ke7 42. Ke5 Kf7 43. Kd6 Kg6 44. Kxc6 Kxg5 45. Kb6 Kf6 46. Kxa6 Ke7 47. Kxb5 Kd7 48. a4 Kc8 49. a5 Kb8 50. Kb6 Ka8 51. d5 Kb8 52. d6 Kc8 53. a6 Kb8 54. d7 1-0

[Event "SVR-ch MTA 30th"]
[Site "Nickenich"]
[Date "2007.04.07"]
[Round "9"]
[White "Hastrich, Julian"]
[Black "Schoen, Ralf"]
[Result "0-1"]
[WhiteElo "2108"]
[BlackElo "2186"]
[PlyCount "65"]
[EventDate "2007.03.30"]
[EventType "tourn"]
[EventRounds "9"]
[EventCountry "GER"]
[SourceTitle "EXT 2009"]
[Source "ChessBase"]
[SourceDate "2008.11.26"]
[SourceVersion "1"]
[SourceVersionDate "2008.11.26"]
[SourceQuality "1"]

1. e4 c5 2. Nc3 Nc6 3. g3 g6 4. Bg2 Bg7 5. d3 d6 6. Be3 Nf6 7. h3 Bd7 8. f4 0-0 9. Nf3 b5 10. 0-0 b4 11. Ne2 a5 12. g4 a4 13. a3 Qb8 14. Rb1 Ra5 15. Ng3 bxa3 16. bxa3 Rb5 17. g5 Ne8 18. f5 Nc7 19. Nd2 Be5 20. Qg4 Nd4 21. Bxd4 Bxd4+ 22. Kh1 Bc3 23. Rxb5 Bxb5 24. Nb1 Bd4 25. f6 Qd8 26. fxe7 Qxe7 27. Nd2 Bd7 28. Qh4 Ne6 29. Nf3 f6 30. gxf6 Bxf6 31. Qh6 Bg7 32. Qd2 Rb8 33. e5 0-1

[Event "SVR-ch MTA 30th"]
[Site "Nickenich"]
[Date "2007.04.01"]
[Round "4"]
[White "Hastrich, Julian"]
[Black "Thieme Garmann, Alexander"]
[Result "0-1"]
[WhiteElo "2108"]
[BlackElo "2160"]
[PlyCount "74"]
[EventDate "2007.03.30"]
[EventType "tourn"]
[EventRounds "9"]
[EventCountry "GER"]
[SourceTitle "EXT 2009"]
[Source "ChessBase"]
[SourceDate "2008.11.26"]
[SourceVersion "1"]
[SourceVersionDate "2008.11.26"]
[SourceQuality "1"]

1. e4 e6 2. d4 d5 3. e5 c5 4. c3 Qb6 5. Nf3 Nc6 6. a3 c4 7. Nbd2 f6 8. Qe2 fxe5 9. Nxe5 Nxe5 10. Qxe5 Nf6 11. Be2 Bd6 12. Qg5 0-0 13. 0-0 Bd7 14. Nf3 Qc7 15. Qh4 Rae8 16. h3 Ba4 17. Bg5 Bc2 18. Rfe1 Bg6 19. Bxf6 Rxf6 20. Bf1 Rf4 21. Qg5 Qf7 22. Re2 Rxf3 23. gxf3 Bf4 24. Qg2 Bf5 25. Rae1 Rf8 26. Qh1 Qg6+ 27. Bg2 Rf6 28. Re5 Bd3 29. h4 h5 30. Qh3 Bf5 31. Qh1 Qh6 32. R1e3 Rg6 33. Kf1 Bd3+ 34. Ke1 Bxe5 35. dxe5 Qf4 36. Bf1 Bxf1 37. Kxf1 Qf5 0-1

[Event "SVR-ch MTB 29th"]
[Site "Koblenz"]
[Date "2006.04.15"]
[Round "9"]
[White "Hastrich, Julian"]
[Black "Dany, Alexander"]
[Result "1/2-1/2"]
[WhiteElo "2104"]
[BlackElo "1966"]
[PlyCount "25"]
[EventDate "2006.04.07"]
[EventType "tourn"]
[EventRounds "9"]
[EventCountry "GER"]
[SourceTitle "EXT 2009"]
[Source "ChessBase"]
[SourceDate "2008.11.26"]
[SourceVersion "1"]
[SourceVersionDate "2008.11.26"]
[SourceQuality "1"]

1. e4 c5 2. Ne2 e6 3. g3 g6 4. Bg2 Bg7 5. d3 d6 6. 0-0 Ne7 7. Be3 0-0 8. f4 Nbc6 9. Nbc3 Nd4 10. Qd2 a6 11. Rae1 f5 12. a4 b5 13. axb5 1/2-1/2

[Event "SVR-ch MTB 29th"]
[Site "Koblenz"]
[Date "2006.04.13"]
[Round "7"]
[White "Hastrich, Julian"]
[Black "Kutzner, Stephen"]
[Result "1-0"]
[WhiteElo "2104"]
[BlackElo "2096"]
[PlyCount "127"]
[EventDate "2006.04.07"]
[EventType "tourn"]
[EventRounds "9"]
[EventCountry "GER"]
[SourceTitle "EXT 2009"]
[Source "ChessBase"]
[SourceDate "2008.11.26"]
[SourceVersion "1"]
[SourceVersionDate "2008.11.26"]
[SourceQuality "1"]

1. e4 e5 2. Nf3 Nc6 3. Bb5 a6 4. Ba4 Nf6 5. 0-0 Nxe4 6. Re1 Nf6 7. Nxe5 Nxe5 8. Rxe5+ Be7 9. Qe1 b5 10. Bb3 d5 11. d4 Be6 12. Bg5 Bd6 13. Nc3 c6 14. Re2 0-0 15. Qd2 h6 16. Bf4 b4 17. Na4 Ne4 18. Qe3 Re8 19. f3 Qh4 20. Bxd6 Nxd6 21. Qf2 Qf6 22. c3 Nb5 23. Rc1 a5 24. Nc5 Bf5 25. Rxe8+ Rxe8 26. Re1 Re7 27. Qd2 bxc3 28. bxc3 Qh4 29. g3 Qg5 30. f4 Qf6 31. a4 Nd6 32. Ba2 Be4 33. Qe2 Nf5 34. Nxe4 Qe6 35. Nf6+ Qxf6 36. Qxe7 Qxe7 37. Rxe7 Nxe7 38. g4 Nc8 39. c4 dxc4 40. Bxc4 Nb6 41. Bb3 Kf8 42. Kf2 Ke7 43. Ke3 Kd6 44. Ke4 c5 45. dxc5+ Kxc5 46. Bxf7 Nxa4 47. Kf5 Nc3 48. Bb3 Kb4 49. Bc2 Nd5 50. Kg6 Ne3 51. Bb1 Nxg4 52. h3 Ne3 53. Kxg7 h5 54. h4 a4 55. f5 a3 56. f6 Nf5+ 57. Kg6 Nd6 58. f7 Nxf7 59. Kxf7 Kb3 60. Bf5 Kc4 61. Be6+ Kd4 62. Kf6 Kc5 63. Kg5 Kd6 64. Ba2 1-0

[Event "SVR-ch MTB 29th"]
[Site "Koblenz"]
[Date "2006.04.13"]
[Round "6"]
[White "Schwertel, Johann"]
[Black "Hastrich, Julian"]
[Result "1/2-1/2"]
[WhiteElo "2039"]
[BlackElo "2104"]
[PlyCount "39"]
[EventDate "2006.04.07"]
[EventType "tourn"]
[EventRounds "9"]
[EventCountry "GER"]
[SourceTitle "EXT 2009"]
[Source "ChessBase"]
[SourceDate "2008.11.26"]
[SourceVersion "1"]
[SourceVersionDate "2008.11.26"]
[SourceQuality "1"]

1. d4 d5 2. Nf3 c6 3. c3 Bf5 4. Bf4 Nf6 5. Nbd2 e6 6. e3 Bd6 7. Bg3 0-0 8. Be2 Re8 9. Qb3 Bxg3 10. hxg3 Qb6 11. Ne5 Nfd7 12. Nxd7 Nxd7 13. 0-0 e5 14. Rfe1 exd4 15. exd4 Re7 16. Bf1 Rae8 17. Rxe7 Rxe7 18. Nf3 Nf6 19. Qa3 Re8 20. Re1 1/2-1/2

[Event "SVR-ch MTB 29th"]
[Site "Koblenz"]
[Date "2006.04.08"]
[Round "3"]
[White "Hastrich, Julian"]
[Black "Zupcevic, Damir"]
[Result "1/2-1/2"]
[WhiteElo "2104"]
[BlackElo "2013"]
[PlyCount "25"]
[EventDate "2006.04.07"]
[EventType "tourn"]
[EventRounds "9"]
[EventCountry "GER"]
[SourceTitle "EXT 2009"]
[Source "ChessBase"]
[SourceDate "2008.11.26"]
[SourceVersion "1"]
[SourceVersionDate "2008.11.26"]
[SourceQuality "1"]

1. e4 e6 2. d4 d5 3. e5 c5 4. c3 Nc6 5. Nf3 Qb6 6. a3 a5 7. Be2 Bd7 8. 0-0 f6 9. Qd3 cxd4 10. cxd4 Nge7 11. Nc3 Nf5 12. Rd1 fxe5 13. dxe5 1/2-1/2